01473nam a22003857a 4500003000500000005001700005008004100022010000900063011000900072035000900081040000900090090001000099100004100109245005900150260004000209300001100249500001200260502008800272590003700360590004100397590004100438590004100479590004100520590004100561590004200602650004000644650003300684901000700717942000900724949004100733949004600774999001500820952012500835952012700960CHAP20220329133122.0971013s1991 r 00010 d a2360 a3332 a2532 cCHAP aTesis00aSoriano Hernández, Silvia.9108769 aLucha y resistencia indígena en el México colonial aChapingo, Méx. :bEl Autor,c1991 a129 h. aD45-143 aTesis (M.C. Esp. en Sociología Rural) -- UACH. Departamento de Sociología Rural aALEPHb10c20130110lUCH01h1212 aBATCH-UPDb10c20130110lUCH01h0020 aBATCH-UPDb10c20130110lUCH01h1812 aBATCH-UPDb10c20130409lUCH01h1959 aBATCH-UPDb10c20130410lUCH01h1146 aBATCH-UPDb10c20130914lUCH01h1827 aCONVERSIONb10c20130109lUCH01h130314aMéxicoxHistoriaxColonia.97675414aMovimientos sociales.979169 aBK cFOLL bBCcTESd-12033eTS1h24131i2532si bBCcTESd-58032eTS2fc.2h27107i2532si c2360d2360 00102local4053708TESISaBCbBCcPA_TESISd2019-12-31fTESISl0p-58032r2019-12-31 00:00:00tc.2w2019-12-31yTESIS 00102local4051708TESISaBCbBCcPA_TESISd2019-12-31fTESISl0oTesisp-12033r2019-12-31 00:00:00w2019-12-31yTESIS